[Event "US Open"]
[Site "Vancouver, WA"]
[Date "2012.08.08"]
[Round "5"]
[White "Brandenburg, Joseph (OR)"]
[Black "Cheng, Kun"]
[Result "0-1"]
[WhiteElo "1969"]
[BlackElo "1883"]
[PlyCount "74"]

1.e4 e5 2.Nf3 Nc6 3.Bb5 a6 4.Bxc6 dxc6 5.O-O Bg4 6.h3 h5 7.d3
Qf6 8.Nbd2 Ne7 9.Re1 Ng6 10.hxg4 hxg4 11.Nh2 Bc5 12.Ndf3 gxf3
13.Nxf3 Nf4 14.Bxf4 exf4 15.d4 O-O-O 16.c3 Qh6 17.Kf1 Be7 18.Ng1
Qe6 19.Qf3 g5 20.b3 Kb8 21.Rad1 c5 22.Qe2 cxd4 23.Rxd4 Bc5 24.Rd3
g4 25.b4 Bb6 26.Rxd8+ Rxd8 27.c4 Bd4 28.Rd1 g3 29.f3 Qb6 30.Nh3
Rh8 31.a3 Be3 32.Rd5 Qf6 33.Qc2 Qa1+ 34.Rd1 Qxa3 35.Rb1 Rd8 36.Qb3
Qxb3 37.Rxb3 f6 0-1

[Event "US Open"]
[Site "Vancouver, WA"]
[Date "2012.08.08"]
[Round "5"]
[White "Brock, William  (IL)"]
[Black "Pechisker, Alfred (CAN)"]
[Result "1-0"]
[WhiteElo "2095"]
[BlackElo "2223"]
[PlyCount "59"]

1.d4 Nf6 2.c4 c5 3.d5 b5 4.cxb5 a6 5.bxa6 g6 6.Nc3 Bxa6 7.e4
Bxf1 8.Kxf1 d6 9.Nf3 Bg7 10.h3 O-O 11.Kg1 Nbd7 12.Kh2 Qa5 13.Re1
Rfb8 14.Re2 Nb6 15.e5 Ne8 16.e6 f5 17.Bg5 Nc4 18.Rb1 Nxb2 19.Rexb2
Rxb2 20.Rxb2 Bxc3 21.Rb7 Qxa2 22.Rxe7 Nf6 23.Qd3 Qb2 24.Bh6 Ne4
25.Qa6 Qb8 26.Qc6 Bf6 27.Rf7 Qc8 28.Rf8+ Qxf8 29.Bxf8 Rxf8 30.Qd7 1-0

[Event "US Open"]
[Site "Vancouver, WA"]
[Date "2012.08.08"]
[Round "5"]
[White "Cao, Jason (CAN)"]
[Black "Yoshinaga, David (OR)"]
[Result "1-0"]
[WhiteElo "2172"]
[BlackElo "1700"]
[PlyCount "51"]

1.e4 c5 2.Nf3 Nc6 3.d4 cxd4 4.Nxd4 e5 5.Nb5 a6 6.Nd6+ Bxd6 7.Qxd6
Qf6 8.Qxf6 Nxf6 9.Nc3 d5 10.exd5 Nb4 11.Bd3 Nfxd5 12.Nxd5 Nxd5
13.O-O O-O 14.b3 {%08DA} Nb4 15.Ba3 a5 16.Bxb4 axb4 17.Rfe1 Ra5
18.Re4 Bf5 19.Rxb4 Bxd3 20.cxd3 b5 21.a4 Rb8 22.Rc1 f6 23.Rc5
Rd8 24.Rbxb5 Rxb5 25.Rxb5 Rxd3 26.Kf1 1-0

[Event "US Open"]
[Site "Vancouver, WA"]
[Date "2012.08.08"]
[Round "5"]
[White "Davis, Joe (WA)"]
[Black "Covington, Paul (CO)"]
[Result "0-1"]
[WhiteElo "1648"]
[BlackElo "1900"]
[PlyCount "36"]

{5th round of the US open. I had prepared a line, but did not get to play it.} 1.e4
c5 2.Nf3 e6 3.d4 cxd4 4.Nxd4 Bc5 5.Nb3 Bb6 6.Nc3 a6 {This move was new to me.}
( 6...Ne7 7.Qh5 O-O 8.Bg5 f5 9.O-O-O Nbc6 10.exf5 Rxf5 11.Bd3
g6 12.Qh6 Rf7 13.Ne4 Nf5 14.Qh3 Qf8 ) 7.Bd3 {I played this maybe hoping to transpose.}
Nc6 8.Qg4 {I kind of switched modes here and played this like a khan.}
( 8.Qe2 Nge7 9.Be3 O-O 10.O-O-O d6 11.f4 Bd7 12.Rhf1 Nb4 13.a3
Nxd3+ 14.Rxd3 Bc7 ) Qf6 9.O-O Ne5 10.Qe2 Qh4 {?  This move surprised me}
11.h3 ( 11.Be3 Ng4 12.h3 Nxe3 13.fxe3 ) h5 12.Be3 Bc7 13.f4 Ng4
14.hxg4 {??  I really miscalculated. I missed the powerful g3 pawn move.}
( 14.Bd4 {!  Houdini 1.5a w32:} Qg3 15.hxg4 hxg4 16.Qe1 Qh2+
17.Kf2 Bxf4 18.Ke2 Bg3 19.Qd2 Qxg2+ 20.Kd1 Qxd2+ 21.Nxd2 Kf8
22.Nc4 Bc7 23.e5 Ne7 24.Be4 Kg8 25.Rg1 Nc6 26.Bxc6 dxc6 27.Rxg4
Rh1+ 28.Bg1 Bd7 29.Nd6 f5 30.Rg6 {[%eval 121, 19]} ) hxg4 15.g3
{?} ( 15.Rfe1 g5 16.Kf1 Qh1+ 17.Bg1 Bb6 18.Qxg4 Nf6 19.Qg3 gxf4
20.Qf3 Qxg1+ 21.Ke2 Qe3+ 22.Qxe3 Bxe3 23.Nd1 Ba7 24.e5 Nd5 25.Nf2
Rg8 26.Ne4 Kf8 27.Rh1 b5 28.Nbc5 Bb8 29.c4 Rxg2+ 30.Kf3 {[%eval -136,20]}
) Qxg3+ 16.Qg2 Qxe3+ 17.Qf2 Qh3 18.Qg2 Bb6+ {
White resigns. There is really no excuse for taking the knight. I really should
have took my time and calculated the threats. So tactics is the thing to work on from this.}
 0-1

[Event "US Open"]
[Site "Vancouver, WA"]
[Date "2012.08.09"]
[Round "5"]
[White "Esler, Brian (OR)"]
[Black "Haining, Kyle (WA)"]
[Result "1-0"]
[WhiteElo "2060"]
[BlackElo "1900"]
[PlyCount "101"]

1.e4 g6 2.d4 Bg7 3.Nc3 d6 4.Be3 Nf6 5.Qd2 c6 6.Nf3 b5 7.Bd3 Nbd7
8.a4 b4 9.Ne2 c5 {%08DA} 10.dxc5 dxc5 11.Bb5 O-O 12.e5 Ng4 13.Rd1
Nxe3 14.Qxe3 Qc7 15.e6 Nb6 16.a5 Bxe6 17.axb6 axb6 18.b3 Ra2
19.Nf4 Bg4 20.Nd5 Qb8 21.Nxe7+ Kh8 22.O-O Rxc2 23.Qe4 Bxf3 24.Qxc2
Bxd1 25.Rxd1 Qe5 26.Qe2 Qc3 27.Bc4 b5 28.Nd5 Qb2 29.Qxb2 Bxb2
30.Bxb5 Rd8 31.Ne3 Ra8 32.Kf1 Bd4 33.Bc4 Ra2 34.Bxf7 Kg7 35.Bc4
Kf8 36.Rc1 Rd2 37.h3 Kg7 38.Re1 Ra2 39.g3 Kf8 40.Re2 Ra7 41.Nd5
Ba1 42.Re6 Bd4 43.Ra6 Rb7 44.Ra8+ Kg7 45.Nf4 Bc3 46.Ne6+ Kh6
47.g4 Bd2 48.h4 Re7 49.Rg8 Rd7 50.Be2 Rd5 51.g5+ 1-0

[Event "US Open"]
[Site "Vancouver, WA"]
[Date "2012.08.08"]
[Round "5"]
[White "Gay, Daniel (OR)"]
[Black "Cooklev, Steven (IN)"]
[Result "1/2-1/2"]
[WhiteElo "2212"]
[BlackElo "2124"]
[PlyCount "112"]

1.e4 e5 2.Nf3 Nc6 3.Bb5 f5 4.d4 fxe4 5.Nxe5 Nxe5 6.dxe5 c6 7.Be2
Qa5+ 8.Nc3 Qxe5 9.O-O d5 10.Be3 Bd6 11.g3 Nf6 12.f3 exf3 13.Rxf3
O-O 14.Bd4 Qg5 15.h4 Qg6 16.Qd3 Qxd3 17.cxd3 Bd7 18.Raf1 b6 19.Kg2
Rae8 20.Bd1 Be5 21.Bxe5 Rxe5 22.g4 h6 23.d4 Ree8 24.g5 hxg5 25.hxg5
Nh7 26.Rg3 Rxf1 27.Kxf1 Nf8 28.Bc2 Ne6 29.Ne2 c5 30.dxc5 bxc5
31.Nc3 Bc6 32.Kg1 Nf4 33.Rg4 Ne2+ 34.Kf2 Nd4 35.Bd3 Re5 36.Nd1
Bd7 37.Rg1 Ne6 38.g6 Nf4 39.Bf1 Bf5 40.Ne3 Be4 41.Rg4 Nd3+ 42.Bxd3
Bxd3 43.Ra4 d4 44.Ng4 Re2+ 45.Kf3 Rxb2 46.Ne5 Be2+ 47.Ke4 a6
48.Kd5 Bb5 49.Ra3 Re2 50.Rh3 Re3 51.Rh2 Be8 52.Rd2 Kf8 53.Nc4
Rc3 54.Kxc5 Bb5 55.Rxd4 Ke7 56.a4 Bxc4 1/2-1/2

[Event "US Open"]
[Site "Vancouver, WA"]
[Date "2012.08.08"]
[Round "5"]
[White "Greninger, Harley (WA)"]
[Black "Eagles, Roland (OR)"]
[Result "1-0"]
[WhiteElo "2197"]
[BlackElo "1935"]
[PlyCount "57"]

1.d4 Nf6 2.Nf3 e6 3.Bg5 d5 4.Nbd2 Be7 5.e3 Nbd7 6.Bd3 h6 7.Bh4
c5 8.c3 Qb6 9.Rb1 a5 10.a4 Qc7 11.O-O b6 12.Bg3 Bd6 13.Bxd6 Qxd6
14.e4 cxd4 15.Nxd4 dxe4 16.Nxe4 Qb8 17.Qf3 Bb7 18.Nd6+ Qxd6 19.Qxb7
O-O 20.Bb5 Rab8 21.Qf3 Rbc8 22.Rfd1 Qc7 23.Qe2 Qe5 24.Qd2 Rc7
25.Nc6 Qg5 26.Qd6 Rxc6 27.Bxc6 Ne5 28.g3 h5 29.f4 1-0

[Event "US Open"]
[Site "Vancouver, WA"]
[Date "2012.08.08"]
[Round "5"]
[White "Guadalupe, Francisco (TX)"]
[Black "Hoefler, Dennis (OR)"]
[Result "1-0"]
[WhiteElo "2305"]
[BlackElo "2062"]
[PlyCount "65"]

1.e4 e5 2.Nf3 Nc6 3.Bb5 Nge7 4.c3 g6 5.d4 Bg7 6.O-O O-O 7.dxe5
Nxe5 8.Nxe5 Bxe5 9.Bh6 Bg7 10.Bxg7 Kxg7 11.c4 d6 12.Ba4 Ng8 13.Nc3
Be6 14.Qd3 Qg5 15.Bc2 Nf6 16.Ne2 Ng4 17.b3 Rae8 18.h3 Ne5 19.Qc3
Qf6 20.f4 Nc6 21.f5 gxf5 22.exf5 Bd7 23.Qxf6+ Kxf6 24.Nf4 Nb4
25.Bb1 Bc6 26.h4 Rg8 27.a3 Na6 28.b4 Be4 29.Nh5+ Ke5 30.Bxe4
Rg4 31.Bxb7 Reg8 32.Rae1+ Kd4 33.Nf6 1-0

[Event "US Open"]
[Site "Vancouver, WA"]
[Date "2012.08.08"]
[Round "5"]
[White "Gurevich, Dmitry"]
[Black "Breckenridge, Steven (OR)"]
[Result "1/2-1/2"]
[WhiteElo "2539"]
[BlackElo "2349"]
[PlyCount "122"]

1.d4 Nf6 2.c4 e6 3.Nf3 b6 4.g3 Ba6 5.Qa4 Bb7 6.Bg2 c5 7.dxc5
Bxc5 8.O-O O-O 9.Nc3 Be7 10.Rd1 Na6 11.Bf4 Qc8 12.Rac1 Rd8 13.Nb5
Ne8 14.h4 h6 15.Qb3 d6 16.Qa3 Qc5 17.Qxc5 bxc5 18.Nd2 Bxg2 19.Kxg2
f5 20.Nb3 Nb4 21.Na5 a6 22.Nc3 Rdc8 23.Nb7 e5 24.Be3 Nc6 25.Nd5
Kf7 26.Nb6 Rcb8 27.Nxa8 Rxb7 28.b4 Rb8 29.bxc5 dxc5 30.Rb1 Rxa8
31.Rb7 Nd4 32.Bxd4 exd4 33.e3 Nd6 34.Rc7 dxe3 35.fxe3 Rc8 36.Rxc8
Nxc8 37.Rd7 Nb6 38.Ra7 Nxc4 39.Rxa6 Nxe3+ 40.Kf3 Nd5 41.a4 Ke8
42.Ra7 c4 43.Ke2 Nc3+ 44.Kd2 Ne4+ 45.Kc2 Nxg3 46.a5 f4 47.a6
Bc5 48.Rxg7 Nf5 49.Rc7 Ne3+ 50.Kd2 Bd4 51.Ke2 h5 52.Kf3 Kd8 53.a7
Bxa7 54.Rxa7 Nf5 55.Kxf4 Nxh4 56.Ra4 c3 57.Rc4 Ng2+ 58.Ke4 Nh4
59.Rxc3 Ng6 60.Rh3 Kd7 61.Rxh5 Ke6 1/2-1/2

[Event "US Open"]
[Site "Vancouver, WA"]
[Date "2012.08.09"]
[Round "5"]
[White "Hiatt, Arlene (ID)"]
[Black "Mellott, Michael (WA)"]
[Result "0-1"]
[WhiteElo "530"]
[BlackElo "1178"]
[PlyCount "38"]

1.d4 Nf6 2.Bg5 e6 3.Nf3 d5 4.e3 Nbd7 5.Bb5 c6 6.Ba4 b5 7.Bb3
Qc7 8.c3 Bd6 9.h3 O-O 10.O-O a5 11.Bc2 Ba6 12.Re1 Rae8 13.e4
Nxe4 14.Bxe4 dxe4 15.Rxe4 f5 16.Rh4 b4 17.Qd2 f4 18.g4 fxg3 19.fxg3
Rxf3 0-1

[Event "US Open"]
[Site "Vancouver, WA"]
[Date "2012.08.08"]
[Round "5"]
[White "Ho, Alec (WA)"]
[Black "Prochaska, Peter (OR)"]
[Result "0-1"]
[WhiteElo "1981"]
[BlackElo "2200"]
[PlyCount "70"]

1.d4 Nf6 2.c4 g6 3.Nc3 Bg7 4.e4 d6 5.Nf3 O-O 6.Be2 e5 7.O-O Na6
8.Be3 Ng4 9.Bg5 f6 10.Bh4 Qe8 11.dxe5 dxe5 12.Qb3 Kh8 13.Qa3
Rf7 14.c5 c6 15.Bxa6 bxa6 16.Nd2 Qe6 17.b3 h5 18.h3 g5 19.Bg3
h4 20.hxg4 hxg3 21.fxg3 Qxg4 22.Rf3 Qd7 23.Nc4 Qd4+ 24.Kf1 Bf8
25.Nd6 Rh7 26.Nxc8 Rh1+ 27.Ke2 Rxa1 28.Qxa6 Rc1 29.Rd3 Qg1 30.Kf3
Qf1+ 31.Kg4 Rxc3 32.Qxc6 Rxd3 33.Qe8 Kg7 34.c6 Qf2 35.Kh5 Qe2+ 0-1

[Event "US Open"]
[Site "Vancouver, WA"]
[Date "2012.08.08"]
[Round "5"]
[White "Hoffman, Guy  (WI)"]
[Black "Chan, James (CAN)"]
[Result "0-1"]
[WhiteElo "1900"]
[BlackElo "2029"]
[PlyCount "72"]

1.e4 e5 2.Nf3 Nc6 3.Bc4 Nf6 4.Nc3 Nxe4 5.Bxf7+ Kxf7 6.Nxe4 d5
7.Neg5+ Kg8 8.c3 e4 9.d3 exf3 10.Qxf3 Ne5 11.Qg3 Bd6 12.f4 Nf7
13.Nh3 h6 14.Be3 c5 15.d4 c4 16.Qf3 Qe7 17.O-O-O Bf5 18.Nf2 Be4
19.Nxe4 Qxe4 20.Qxe4 dxe4 21.Rde1 Kh7 22.Re2 Rhe8 23.Rhe1 Re7
24.g4 Rae8 25.h4 a6 26.h5 Nd8 27.f5 Bg3 28.Rf1 Rf7 29.g5 hxg5
30.Bxg5 Bc7 31.b3 b5 32.Kd2 Nb7 33.bxc4 bxc4 34.Ref2 Nd6 35.f6
e3+ 36.Bxe3 Ne4+ 0-1

[Event "US Open"]
[Site "Vancouver, WA"]
[Date "2012.08.08"]
[Round "5"]
[White "Janniro, Mike (OR)"]
[Black "Patterson, Roger (CAN)"]
[Result "1/2-1/2"]
[WhiteElo "2104"]
[BlackElo "2165"]
[PlyCount "79"]

1.d4 f5 2.g3 Nf6 3.Bg2 g6 4.Nf3 Bg7 5.Nc3 O-O 6.Bf4 d6 7.Qd2
e6 {%08DA} 8.O-O-O Qe7 9.Bg5 Qf7 10.Bxf6 Qxf6 11.h4 h6 12.Ne1
Nc6 13.e3 a6 14.Nd3 e5 15.Nd5 Qf7 16.dxe5 Nxe5 17.Kb1 c6 18.Nxe5
dxe5 19.Nb6 Rb8 20.Nxc8 Rbxc8 21.e4 Qe7 22.Qd6 Qxd6 23.Rxd6 Bf6
24.exf5 gxf5 25.Bh3 Rcd8 26.Rhd1 Rxd6 27.Rxd6 Rd8 28.Rxd8+ Bxd8
29.Bxf5 Bb6 30.f3 Bf2 31.g4 Bxh4 32.Bc8 b6 33.Bxa6 Kf7 34.Bb7
c5 35.c4 Ke6 36.Kc2 Bg5 37.Kb3 Kd6 38.Ka4 Bc1 39.Kb5 Kc7 40.Be4 1/2-1/2

[Event "US Open"]
[Site "Vancouver, WA"]
[Date "2012.08.08"]
[Round "5"]
[White "MacFarland, James (CA)"]
[Black "Herrera, Robert (OR)"]
[Result "1-0"]
[WhiteElo "2215"]
[BlackElo "2044"]
[PlyCount "79"]

1.d4 e6 2.c4 Nf6 3.Nf3 d5 4.Nc3 Bb4 5.cxd5 exd5 6.Bg5 Qd6 7.Bxf6
Qxf6 8.Qb3 Bxc3+ 9.Qxc3 c6 10.e3 Qg6 11.Be2 O-O 12.O-O Bh3 13.Ne1
Bf5 14.Nd3 Nd7 15.b4 Rfe8 16.b5 cxb5 17.Nf4 Qd6 18.Qb3 Nb6 19.Bxb5
Rec8 20.Rac1 g5 21.Bd3 Bxd3 22.Rxc8+ Rxc8 23.Nxd3 Qc6 24.Nc5
Nc4 25.Rc1 Nd6 26.Qd1 Ne4 27.Qg4 Qe6 28.Qd1 Nxc5 29.dxc5 Qc6
30.Qg4 h6 31.h4 Qe6 32.Qa4 Qc6 33.Qxa7 b6 34.hxg5 hxg5 35.Qe7
f6 36.Rb1 b5 37.a4 Re8 38.axb5 Rxe7 39.bxc6 Rc7 40.Rb8+ 1-0

[Event "US Open"]
[Site "Vancouver, WA"]
[Date "2012.08.09"]
[Round "5"]
[White "Martinson, Tim (NM)"]
[Black "Reiner, Gerald (OR)"]
[Result "1-0"]
[WhiteElo "1897"]
[BlackElo "1608"]
[PlyCount "55"]

1.e4 e5 2.Nf3 d6 3.d4 exd4 4.Nxd4 Bd7 5.Bc4 Nf6 6.Nc3 Nc6 7.O-O
Be7 8.Be3 O-O 9.Qf3 Ne5 ( 9...Ne5 10.Qe2 Nfg4 11.Bb3 Nxe3 12.Qxe3
c6 13.Rad1 b5 14.a3 Qc7 15.Nf5 Be6 16.Bxe6 fxe6 17.Nxe7+ Qxe7
18.b3 Rf6 19.Qd4 Rd8 20.f4 Nf7 21.Qe3 e5 22.f5 Nh6 23.h3 Nf7
24.g4 g5 25.h4 h6 26.h5 Qb7 27.Nd5 cxd5 28.Rxd5 a6 29.Qd3 Rc8
30.Rc1 Qb6+ 31.Kg2 Nd8 32.c4 Nb7 33.b4 bxc4 34.Rxc4 Rff8 35.Qc3
Qd8 36.a4 Qd7 37.Qb3 Kg7 38.Rd2 Rc6 39.Rdc2 Rfc8 40.Rxc6 Rxc6
41.Rxc6 Qxc6 42.Qe6 Qxe4+ 43.Kg3 Qf4+ 44.Kh3 Qf3+ 45.Kh2 Qf2+
46.Kh1 Qh4+ 47.Kg1 Qxg4+ 48.Kf1 Qh3+ 49.Kf2 Qh4+ 50.Kf1 Qh1+
51.Kf2 {1/ 2-1/2, Kohoutova Rozalie (CZE) - Provaznik J, Klatovy (Czech Republic) 1999}
) 10.Qe2 Nxc4 11.Qxc4 a6 12.Nd5 c5 13.Ne2 Bb5 14.Qb3 Bxe2 15.Rfe1
Bb5 16.c4 Nxd5 17.exd5 Bd7 18.Bd2 Bf6 19.Bf4 Bf5 20.Rad1 Qc7
21.Qg3 Be5 {??} 22.Rxe5 Bg6 23.Re3 Rad8 24.Rde1 Rd7 25.Re8 f6
26.Rxf8+ Kxf8 27.Re6 Re7 28.Bxd6 1-0

[Event "US Open"]
[Site "Vancouver, WA"]
[Date "2012.08.08"]
[Round "5"]
[White "May, Sarah (WA)"]
[Black "Dietz, Arliss (OR)"]
[Result "1-0"]
[WhiteElo "1859"]
[BlackElo "1500"]
[PlyCount "85"]

1.e4 d5 2.exd5 Nf6 3.Nc3 Nxd5 4.Bc4 Nxc3 5.Qf3 e6 6.Qxc3 Nd7
7.Nf3 Qf6 8.d4 h6 9.O-O Nb6 {%08DA} 10.Bb3 Bd6 11.Qd3 Bd7 12.Re1
O-O-O 13.Ne5 g5 14.Bd2 Bxe5 15.dxe5 Qe7 16.Qe3 Bc6 17.Bc3 Kb8
18.Bd4 Bd5 19.Bxb6 cxb6 20.c4 Bc6 21.Rad1 Qc5 22.Qxc5 bxc5 23.f3
Kc7 24.Kf2 h5 25.Rxd8 Rxd8 26.Rd1 Rxd1 27.Bxd1 Kd8 28.f4 gxf4
29.Bxh5 Ke7 30.Bf3 f6 31.Bxc6 bxc6 32.exf6+ Kxf6 33.Kf3 Kf5 34.g4+
fxg3 35.hxg3 a5 36.b3 e5 37.g4+ Kg5 38.Ke4 Kxg4 39.Kxe5 Kf3 40.Kd6
Ke3 41.Kxc6 Kd3 42.Kxc5 Kc3 43.Kb5 1-0

[Event "US Open"]
[Site "Vancouver, WA"]
[Date "2012.08.08"]
[Round "5"]
[White "McCumiskey, Thomas (VA)"]
[Black "Gater, Daniel (IN)"]
[Result "0-1"]
[WhiteElo "1921"]
[BlackElo "2178"]
[PlyCount "87"]

1.e4 c5 2.Nf3 d6 3.d4 cxd4 4.Nxd4 Nf6 5.Nc3 a6 6.Be2 e6 7.Be3
Be7 8.O-O Qc7 9.a4 Nc6 10.f4 O-O 11.Bf3 Rb8 12.Qe1 Re8 13.Qf2
Nxd4 14.Bxd4 e5 15.Be3 exf4 16.Bxf4 Be6 17.Nd5 Nxd5 18.exd5 Bf5
19.Rac1 Qc4 20.Qg3 Rbd8 21.b3 Qb4 22.Kh1 Bf6 23.c4 Bb2 24.Rce1
Bd3 25.Bxd6 Qc3 26.Bc7 Bxf1 27.Rxf1 Qxb3 28.Bxd8 Qxc4 29.Qf2
Rxd8 30.Rd1 Bf6 31.Qb6 Rd7 32.Qe3 Re7 33.Qb6 Qxa4 34.d6 Qxd1+
35.Bxd1 Re1+ 36.Qg1 Rxg1+ 37.Kxg1 Kf8 38.Bf3 Bd4+ 39.Kf1 b5 40.Bc6
Be5 41.d7 Ke7 42.h3 Bc7 43.Ke2 Kd6 44.d8Q+ 0-1

[Event "US Open"]
[Site "Vancouver, WA"]
[Date "2012.08.08"]
[Round "5"]
[White "Murray, Michael (WA)"]
[Black "Kenney, Jason (CAN)"]
[Result "1-0"]
[WhiteElo "1986"]
[BlackElo "2289"]
[PlyCount "63"]

1.Nc3 c5 2.e4 Nc6 3.g3 g6 4.d3 Bg7 5.Be3 d6 6.Qd2 Nd4 7.Bg2 Nf6
8.h3 O-O 9.Nge2 e5 10.g4 Ne8 11.Ng3 Nc7 12.O-O-O Nce6 13.Nd5
Nf4 14.Rdg1 Be6 15.c3 Bxd5 16.exd5 Nb5 17.Be4 Qa5 18.Kb1 Nc7
19.Bxf4 exf4 20.Qxf4 b5 21.Nh5 Be5 22.Qc1 b4 23.c4 Ne8 24.Rg2
Qd8 25.h4 Kh8 26.f4 Bd4 27.Ng3 Ng7 28.h5 Kg8 29.hxg6 fxg6 30.Rgh2
h5 31.Bxg6 Qf6 32.f5 1-0

[Event "US Open"]
[Site "Vancouver, WA"]
[Date "2012.08.08"]
[Round "5"]
[White "Norowitz, Yaacov (NJ)"]
[Black "Mulyar, Michael (CO)"]
[Result "1-0"]
[WhiteElo "2569"]
[BlackElo "2456"]
[PlyCount "85"]

1.d4 Nf6 2.Nf3 g6 3.e3 Bg7 4.Be2 O-O 5.b3 c5 6.O-O cxd4 7.Nxd4
d5 8.Bb2 Re8 9.Nf3 Nc6 10.Bb5 Bg4 11.Bxc6 bxc6 12.Be5 Ne4 13.Bxg7
Kxg7 14.Qd4+ f6 15.Nfd2 e5 16.Qa4 Nxd2 17.Nxd2 Be6 18.c4 Qb6
19.Rac1 Rec8 20.Qa3 Rab8 21.Rc2 Qb4 22.Qxb4 Rxb4 23.cxd5 Bxd5
24.Rc5 Rb5 25.Rfc1 Rxc5 26.Rxc5 Rd8 27.f3 Bf7 28.Rc2 a5 29.Ne4
Rd3 30.Rxc6 a4 31.bxa4 Rd1+ 32.Kf2 f5 33.Nc3 Rd2+ 34.Kg1 Bxa2
35.a5 Bf7 36.a6 Rc2 37.a7 Rc1+ 38.Kf2 Ra1 39.Rc7 Kf6 40.e4 Bb3
41.Nd5+ Bxd5 42.exd5 Ra2+ 43.Kg3 1-0

[Event "US Open"]
[Site "Vancouver, WA"]
[Date "2012.08.09"]
[Round "5"]
[White "North, Anthony (WA)"]
[Black "Kuzma, Steve (TX)"]
[Result "0-1"]
[WhiteElo "1106"]
[BlackElo "1293"]
[PlyCount "40"]

1.e4 e5 2.Nf3 d6 3.Bb5+ c6 4.Ba4 Nf6 5.Nc3 b5 6.Bb3 Bg4 7.h3
Bh5 8.d3 a6 9.a3 Nbd7 10.Bg5 Be7 11.O-O O-O 12.Qd2 Bxf3 13.gxf3
Nh5 14.Be3 Nb6 15.Kh2 d5 16.Bxb6 Qxb6 17.exd5 c5 18.Ne4 Nf4 19.Qe3
Qh6 20.Rg1 Qxh3# 0-1

[Event "US Open"]
[Site "Vancouver, WA"]
[Date "2012.08.08"]
[Round "5"]
[White "Pinto, Mark (CA)"]
[Black "Kuhns, David  (MN)"]
[Result "1-0"]
[WhiteElo "2200"]
[BlackElo "1726"]
[PlyCount "71"]

1.d4 e6 2.e4 d5 3.e5 c5 4.c3 Nc6 5.Nf3 c4 6.g3 f6 7.Bg2 fxe5
8.dxe5 Nge7 9.O-O Ng6 10.Qe2 Qc7 11.Re1 Bc5 12.Be3 Bxe3 13.Qxe3
O-O 14.Na3 a6 15.Nc2 Qf7 16.Ncd4 Nxd4 17.Qxd4 b5 18.Rad1 Qa7
19.a3 Qxd4 20.Nxd4 Ra7 21.f4 Ne7 22.Bh3 Nf5 23.Nxf5 exf5 24.Rxd5
Re7 25.Red1 g6 26.Kf2 Rfe8 27.Rd6 Kf7 28.Bg2 Rc7 29.Bc6 Ree7
30.Rf6+ Kg7 31.Rdd6 Kg8 32.Ke3 Kg7 33.Kd4 Bd7 34.Bxd7 Rexd7 35.Rxd7+
Rxd7+ 36.Rd6 1-0

[Event "US Open"]
[Site "Vancouver, WA"]
[Date "2012.08.08"]
[Round "5"]
[White "Pupols, Viktors (WA)"]
[Black "Han, Yiming (CAN)"]
[Result "1/2-1/2"]
[WhiteElo "2200"]
[BlackElo "1941"]
[PlyCount "82"]

1.d4 d5 2.c4 e6 3.Nc3 Nf6 4.Bg5 Be7 5.e3 h6 6.Bh4 O-O 7.Nf3 Nbd7
8.Qc2 b6 9.cxd5 exd5 10.Ne5 Bb7 11.f4 Nxe5 12.fxe5 Ng4 13.Bxe7
Qxe7 14.Qe2 Qg5 15.Nd1 Nxh2 16.Nf2 Nxf1 17.Rxf1 c5 18.Nh3 Qh4+
19.Qf2 Qe4 20.Qf3 cxd4 21.Qxe4 dxe4 22.exd4 Rad8 23.Rd1 Ba6 24.Nf4
Bxf1 25.Kxf1 Rfe8 26.Ke2 f6 27.exf6 gxf6 28.Ke3 Kf7 29.Rh1 f5
30.Rxh6 Rh8 31.Rc6 Rc8 32.Rd6 Rhd8 33.Rh6 Rc2 34.Rh7+ Kf6 35.Rh6+
Kf7 36.Rh7+ Kg8 37.Rxa7 Rxb2 38.Ng6 Rb5 39.Ne7+ Kf8 40.Ng6+ Kg8
41.Ne7+ Kf8 1/2-1/2

[Event "US Open"]
[Site "Vancouver, WA"]
[Date "2012.08.08"]
[Round "3"]
[White "Ramirez, Alejandro (TEX)"]
[Black "Yan, Gaibo  (PA)"]
[Result "1-0"]
[WhiteElo "2643"]
[BlackElo "2149"]
[PlyCount "101"]

1.d4 Nf6 2.c4 g6 3.Nf3 Bg7 4.g3 b6 5.Bg2 Bb7 6.O-O O-O 7.Nc3
d6 8.Qc2 c5 9.d5 a6 10.e4 e5 11.dxe6 fxe6 12.Rd1 Qc7 13.Ng5 Re8
14.Bh3 Bc8 15.Qd3 Bf8 16.e5 dxe5 17.Qf3 Bg7 18.Qxa8 Bb7 19.Qa7
Nc6 20.Bxe6+ Kf8 21.Nd5 Nxd5 22.Bxd5 h6 23.Ne6+ Rxe6 24.Qxb7
Qxb7 25.Bxe6 Nd4 26.Bd5 Qd7 27.Be3 Qf5 28.Rd2 g5 29.f3 Bf6 30.Rf1
Kg7 31.Kg2 h5 32.h3 Qg6 33.Be4 Qf7 34.b3 Qe6 35.Re1 Qd6 36.Rf2
Qd7 37.Kh2 Qe7 38.Bc1 Qd6 39.Rg1 Kh8 40.h4 g4 41.fxg4 hxg4 42.Rgf1
Bg7 43.Kg2 Ne6 44.Be3 Nd4 45.Rf7 b5 46.Ra7 Ne6 47.Ra8+ Nf8 48.h5
Kg8 49.h6 Bf6 50.Bxc5 Qd2+ 51.Rf2 1-0

[Event "US Open"]
[Site "Vancouver, WA"]
[Date "2012.08.08"]
[Round "5"]
[White "Raptis, Nick (OR)"]
[Black "Gustafsson, Alexander (UT)"]
[Result "1-0"]
[WhiteElo "2330"]
[BlackElo "2060"]
[PlyCount "113"]

1.Nf3 Nf6 2.c4 g6 3.Nc3 d5 4.d4 Bg7 5.Bf4 O-O 6.e3 c5 7.dxc5
Ne4 8.Rc1 Nxc3 9.bxc3 Qa5 10.Qb3 dxc4 11.Bxc4 Qxc5 12.Ng5 e6
13.O-O Nd7 14.Rfd1 Nb6 15.Bb5 e5 16.Bg3 Bg4 17.Rd2 h6 18.Ne4
Qc7 19.Qb4 Rfd8 20.Rxd8+ Rxd8 21.Nf6+ Bxf6 22.Qxg4 a6 23.Ba4
Nxa4 24.Qxa4 Qd7 25.Qb3 Qd2 26.Qb1 h5 27.h4 b5 28.c4 Rc8 29.Rd1
Qa5 30.cxb5 Rb8 31.Rd5 Rxb5 32.Rxb5 axb5 33.e4 Kf8 34.f3 Be7
35.Bf2 Qa4 36.Qb2 f6 37.Qd2 Kg7 38.Qd7 Qb4 39.Kh2 Kf7 40.Qd5+
Kg7 41.Qb7 Kf7 42.Qa8 Bf8 43.Bg3 Qc5 44.Qb7+ Be7 45.f4 exf4 46.Bxf4
Ke6 47.Qa8 g5 48.Bg3 gxh4 49.Bxh4 Bd6+ 50.Bg3 Bxg3+ 51.Kxg3 Ke5
52.Kh4 Kf4 53.g3+ Ke3 54.Qd5 Qc4 55.Kxh5 Qxe4 56.Qc5+ Kf3 57.Qc3+ 1-0

[Event "US Open"]
[Site "Vancouver, WA"]
[Date "2012.08.08"]
[Round "5"]
[White "Roland, Jeffrey (ID)"]
[Black "Addis, Sean (OR)"]
[Result "1-0"]
[WhiteElo "1700"]
[BlackElo "1426"]
[PlyCount "43"]

1.d4 d5 2.c4 e6 3.Nc3 Nf6 4.Bg5 Nbd7 5.e3 h6 6.Bh4 g5 7.Bg3 Bb4
8.a3 Bxc3+ 9.bxc3 c5 10.Nf3 Ne4 11.Bd3 Qa5 12.Qc2 Nxc3 13.O-O
f5 14.dxc5 Nxc5 15.Be5 Rh7 16.Bxc3 Qd8 17.Rfd1 g4 18.Ne5 Qg5
19.cxd5 Nxd3 20.Qxd3 exd5 21.Qxd5 Qe7 22.Qg8+ 1-0

[Event "US Open"]
[Site "Vancouver, WA"]
[Date "2012.08.08"]
[Round "5"]
[White "Sankrithi, Siva (WA)"]
[Black "Gay, Patrick (OR)"]
[Result "0-1"]
[WhiteElo "1510"]
[BlackElo "1795"]
[PlyCount "24"]

1.e4 e5 2.Nf3 Nc6 3.d4 exd4 4.Bc4 Nf6 5.e5 d5 6.Bb5 Ne4 7.Nxd4
Bd7 8.Bxc6 Bxc6 9.Nxc6 bxc6 10.O-O Qh4 11.f3 {??} Bc5+ 12.Kh1
Ng3# 0-1

[Event "US Open"]
[Site "Vancouver, WA"]
[Date "2012.08.08"]
[Round "5"]
[White "Sen, Samir  (WA)"]
[Black "Peake, Ethan (OR)"]
[Result "1-0"]
[WhiteElo "2158"]
[BlackElo "1907"]
[PlyCount "75"]

1.d4 Nf6 2.Nf3 g6 3.Bg5 Bg7 4.Nbd2 O-O 5.c3 d6 6.e4 c5 7.dxc5
dxc5 8.Bc4 Nc6 9.O-O Qc7 10.Re1 Nd7 11.Qc2 b6 12.Bh4 Bb7 13.Bg3
e5 14.Rad1 Kh8 15.Nf1 Na5 16.Bb5 Bc6 17.Bxc6 Nxc6 18.Ne3 Rad8
19.Nd5 Qb7 20.a4 f6 21.Nd2 Ndb8 22.Nc4 b5 23.axb5 Qxb5 24.Nce3
Qb7 25.f3 Nd7 26.Bf2 Nb6 27.f4 Ne7 28.fxe5 Nexd5 29.Nxd5 Nxd5
30.exd5 Rxd5 31.Qe4 Rd7 32.Rxd7 Qxd7 33.Bxc5 Rb8 34.e6 Qc7 35.b4
f5 36.Qc4 Re8 37.e7 Be5 38.Rxe5 1-0

[Event "US Open"]
[Site "Vancouver, WA"]
[Date "2012.08.08"]
[Round "5"]
[White "Sherrard, Jerry (OR)"]
[Black "Dixon, Blake (WA)"]
[Result "1/2-1/2"]
[WhiteElo "1945"]
[BlackElo "1829"]
[PlyCount "44"]

1.e4 e5 2.Nf3 Nc6 3.Bb5 a6 4.Ba4 Nf6 5.O-O b5 6.Bb3 Be7 7.Re1
O-O 8.a4 Bb7 9.d3 d5 10.axb5 axb5 11.Rxa8 Bxa8 12.exd5 Nxd5 13.Nxe5
Nd4 14.c3 Nxb3 15.Qxb3 ( 15.Qxb3 b4 16.d4 Qc8 17.c4 Nf6 18.Nd2
Re8 19.Ndf3 Bd6 20.Bd2 Qb8 21.d5 c5 22.Qa4 h6 23.Nd7 Nxd7 24.Qxd7
Rxe1+ 25.Bxe1 Bb7 26.h3 Bf8 27.Bd2 Ba6 28.b3 Qb6 29.Ne5 Qf6 30.Qe8
Bc8 31.Be3 h5 32.Qxf8+ {1-0, Jansa Vlastimil (CZE) 2480 - Djuric Stefan (SCG) 2440, Kladovo (Yugoslavia) 1980.04.14}
) Bd6 16.Qxb5 Qf6 17.d4 Bxe5 18.dxe5 Qg6 19.Nd2 Qxg2+ 20.Kxg2
Nxc3+ 21.Kg3 Nxb5 22.f4 Rd8 1/2-1/2

[Event "US Open"]
[Site "Vancouver, WA"]
[Date "2012.08.10"]
[Round "5"]
[White "Soetedjo, James (WA)"]
[Black "Sloan, Sam (NY)"]
[Result "1/2-1/2"]
[WhiteElo "1733"]
[BlackElo "1916"]
[PlyCount "97"]

1.d4 Nf6 2.Nf3 g6 3.e3 Bg7 4.Bd3 O-O 5.O-O d6 6.Nbd2 Nbd7 7.c3
c5 8.Re1 a6 9.a4 Qa5 10.Nc4 Qc7 11.h3 b6 12.Qe2 Bb7 13.b3 b5
14.Ncd2 cxd4 15.cxd4 Qc3 16.Ba3 Bxf3 17.gxf3 bxa4 18.bxa4 Qa5
19.Nc4 Qh5 20.Kh2 h6 21.Rg1 Nh7 22.f4 Qd5 23.Rac1 Rfb8 24.f3
Rb3 25.Be4 Qh5 26.Bxa8 d5 27.Ne5 Nxe5 28.fxe5 Rxa3 29.Rc8+ Bf8
30.Bxd5 Ng5 31.Rg3 Kg7 32.Qf2 e6 33.f4 Nh7 34.Qf3 Qh4 35.Bc4
Rxa4 36.Qa8 Ra3 37.Qe4 Ng5 38.Qc2 Ra1 39.fxg5 Rh1+ 40.Kxh1 Qxg3
41.gxh6+ Kh7 42.Rxf8 Qxh3+ 43.Kg1 Qxe3+ 44.Qf2 Qg5+ 45.Kf1 Qc1+
46.Kg2 Qg5+ 47.Kf3 Qf5+ 48.Ke3 Qh3+ 49.Qf3 1/2-1/2